Foundations of Analog and Digital Electronic Circuits (Record no. 808)

MARC details
000 -LEADER
Fixed length control field 00575nam a2200205 4500
003 - CONTROL NUMBER IDENTIFIER
Control field SEACOMEC
005 - DATE AND TIME OF LATEST TRANSACTION
Control field 20240316121725.0
008 - FIXED-LENGTH DATA ELEMENTS--GENERAL INFORMATION
Fixed length control field 240316b |||||||| |||| 00| 0 eng d
020 ## - INTERNATIONAL STANDARD BOOK NUMBER / ISBN
International Standard Book Number 978-1558607354
Price Rs.495.00
040 ## - CATALOGING SOURCE
Original cataloging agency SEACOMEC
041 ## - LANGUAGE CODE
Language code english
082 ## - DEWEY DECIMAL CLASSIFICATION NUMBER
Classification number 621.3815
Book Number A261
100 ## - MAIN ENTRY--PERSONAL NAME
Personal name Agarwal, Anant
245 ## - TITLE STATEMENT
Title Foundations of Analog and Digital Electronic Circuits
Statement of responsibility Anant Agarwal & Jeffrey Lang
260 ## - IMPRINT
Place of publication New Delhi
Name of publisher Elsevier
Date of publication 2006
300 ## - PHYSICAL DESCRIPTION
Page / Vol. No 1009p
650 ## - SUBJECT ADDED ENTRY--TOPICAL TERM
Topical term Electromagnetic Engineering
700 ## - ADDED ENTRY--PERSONAL NAME
Personal name Lang, Jeffrey
942 ## - ADDED ENTRY ELEMENTS (KOHA)
Koha item type Books
Holdings
Withdrawn status Lost status Source of classification Damaged status Not for loan Home library Current library Date acquired Total Checkouts Call number Accession number Date last seen Price effective from Koha item type
    Dewey Decimal Classification     SEACOM ENGINEERING COLLEGE SEACOM ENGINEERING COLLEGE 16/03/2024   621.3815 A261 4131 16/03/2024 16/03/2024 Books
© Seacom Engineering College, All rights reserved.      Powered by Koha